| 000 | 00830nam a22002777a 4500 | ||
|---|---|---|---|
| 001 | 9902 | ||
| 003 | FISKH | ||
| 005 | 20260313091622.0 | ||
| 008 | 260313b cb ||||| |||| 00| 0 eng d | ||
| 020 | _a9780194643771 | ||
| 040 |
_aFISKH _beng _cFISKH _dFISKH |
||
| 050 | _aPE1126.A4 Q4565 | ||
| 082 | _a621.8 | ||
| 100 |
_aQuinn, Robert _eAuthor |
||
| 245 |
_aYour five senses / _cRobert Quinn |
||
| 260 |
_aNew York : _bOxford University Press , _c2010 |
||
| 300 |
_a48 pages : _bphotographs ; _c21 cm |
||
| 490 |
_aOxford read and discover : _vLevel 3 |
||
| 505 | _aP | ||
| 520 | _aRead and discover all about the five wonderful senses... How do your eyes work? What's under your skin? | ||
| 521 | 8 |
_a640
_bLexile |
|
| 521 | 8 |
_aP
_bRaz-Plus |
|
| 650 |
_aDiscover _vSenses |
||
| 942 |
_2ddc _cBK _n0 |
||
| 999 |
_c9902 _d9902 |
||